Statistiken für MUSIKCHARTS: Deutsche TOP-100-Jahrescharts 1992

Klicken Sie hier um das Quiz zu spielen!

Allgemein

  • Dieses Quiz wurde 50 mal gespielt
  • Das Durchschnittsergebnis liegt bei 27 aus 100

Antwortstatistiken

PlatzInterpretLied% Korrekt
17NirvanaSmells Like Teen Spirit
80%
98Bon JoviKeep The Faith
78%
12Michael JacksonBlack Or White
76%
66Michael JacksonIn The Closet
76%
62Michael JacksonRemember The Time
76%
49Michael JacksonWho Is It
76%
34Die Fantastischen VierDie da
73%
26MetallicaNothing Else Matters
71%
42Dr. AlbanOne Love
65%
2Dr. AlbanIt's My Life
65%
45Snap!Colour Of Love
63%
1Snap!Rhythm Is A Dancer
63%
13Guns N' RosesNovember Rain
61%
9Guns N' RosesKnockin' On Heaven's Door
61%
46QueenThe Show Must Go On
57%
92Wolfgang PetryVerlieben, verloren, vergessen, verzeih'n
57%
69Bryan Adams(Everything I Do) I Do It For You
53%
28GenesisNo Son Of Mine
53%
74GenesisJesus He Knows Me
53%
24GenesisI Can't Dance
53%
11RoxetteHow Do You Do!
53%
76RoxetteSpending My Time
53%
4Inner CircleSweat (A La La La La Long)
51%
48U 96I Wanna Be A Kennedy
51%
3U 96Das Boot
51%
80George MichaelToo Funky
47%
39Red Hot Chili PeppersUnder The Bridge
41%
64Right Said FredDeeply Dippy
41%
8Right Said FredDon't Talk Just Kiss
41%
91Elton JohnThe One
39%
47Hape KerkelingHurz!!!
37%
52The CureFriday I'm In Love
37%
35MadonnaThis Used To Be My Playground
35%
29George Michael / Elton JohnDon't Let The Sun Go Down On Me
31%
88Billy Ray CyrusAchy Breaky Heart
29%
18Kris KrossJump
29%
6Mr. BigTo Be With You
29%
58Salt 'N' PepaYou Showed Me
29%
14Salt-N-PepaLet's Talk About Sex!
29%
37Captain Hollywood ProjectMore And More
27%
27Monty PythonAlways Look On The Bright Side Of Life
22%
67Prince And The New Power GenerationSexy MF
22%
89Bruce SpringsteenHuman Touch
20%
86EdelweissRaumschiff Edelweiss
20%
5ErasureABBA-esque
20%
43KISSGod Gave Rock & Roll To You II
20%
19Shakespears SisterStay
20%
65Simply RedStars
18%
95Simply RedSomething Got Me Started
18%
10Connie FrancisJive Connie
16%
16Ten SharpYou
16%
25The Mamas & The PapasDream A Little Dream Of Me
16%
20The Sisters Of MercyTemple Of Love (1992)
16%
73WesternhagenKrieg
16%
77Boyz II MenEnd Of The Road
14%
60Crowded HouseWeather With You
14%
40Fats DominoI'm Walkin'
14%
55Maggie ReillyEverytime We Touch
14%
54The KLFAmerica: What Time Is Love?
14%
21The KLFJustified & Ancient
14%
852 UnlimitedTwilight Zone
12%
932 UnlimitedThe Magic Friend
12%
31Army Of LoversCrucified
12%
36Army Of LoversObsession
12%
100RozallaAre You Ready To Fly
12%
38RozallaEverybody's Free (To Feel Good)
12%
61Sophie B. HawkinsDamn I Wish I Was Your Lover
12%
96Vanessa WilliamsSave The Best For Last
12%
81Ce Ce PenistonFinally
10%
53Curtis StigersI Wonder Why
10%
15Jon SecadaJust Another Day
10%
30LondonbeatYou Bring On The Sun
10%
78Marky Mark And The Funky Bunch feat. Loleatta HollowayGood Vibrations
10%
22ShaniceI Love Your Smile
10%
79ChicChic Mystique
8%
41Garland JeffreysHail Hail Rock 'n' Roll
8%
68Shabba RanksMr. Loverman
8%
59Ugly Kid JoeEverything About You
8%
72Bobby BrownHumpin' Around
6%
33Double YouWe All Need Love
6%
7Double YouPlease Don't Go
6%
23FelixDon't You Want Me
6%
57John LennonInstant Karma!
6%
70Annie LennoxWhy
4%
97Bonnie TylerBitterblue
4%
44Chyp-NoticI Can't Get Enough
4%
82ClouseauClose Encounters
4%
50Del Tha Funkee HomosapienMistadobalina
4%
99Des'reeFeel So High
4%
94InteractiveWho Is Elvis
4%
87Jimmy NailAin't No Doubt
4%
83Lionel RichieDo It To Me
4%
56Mario JordanWelch ein Tag
4%
90Opus IIIIt's A Fine Day
4%
84Joe PublicLive And Learn
2%
51L.A. StyleJames Brown Is Dead
2%
71Lisa StansfieldChange
2%
75Münchener FreiheitLiebe auf den ersten Blick
2%
32UndercoverBaker Street
2%
63Luther Vandross and Janet JacksonThe Best Things In Life Are Free
0%

Verteilung der Resultate

Perzentil nach korrekt beantworteten Fragen

Anzahl Personen mit jedem Resultat

Ihre Resultats-Entwicklung

Sie haben dieses Quiz noch nicht gespielt